Making news handbook of the media in contemporary India (Record no. 2848)

000 -LEADER
fixed length control field 00747nam a22001577a 4500
020 ## - INTERNATIONAL STANDARD BOOK NUMBER
International Standard Book Number 0195684583
082 ## - DEWEY DECIMAL CLASSIFICATION NUMBER
Classification number 302.230954
100 ## - MAIN ENTRY--PERSONAL NAME
Personal name Uday Sahay (Ed)
245 ## - TITLE STATEMENT
Title Making news handbook of the media in contemporary India
260 ## - PUBLICATION, DISTRIBUTION, ETC.
Place of publication, distribution, etc. New Delhi
Name of publisher, distributor, etc. Oxford university press
Date of publication, distribution, etc. 2006.
300 ## - PHYSICAL DESCRIPTION
Extent 282p
942 ## - ADDED ENTRY ELEMENTS (KOHA)
Koha item type Book
Holdings
Withdrawn status Lost status Damaged status Not for loan Collection code Permanent Location Current Location Shelving location Date acquired Total Checkouts Full call number Barcode Date last seen Price effective from Koha item type
          Central Library (CL) Central Library (CL) General Stacks 03/22/2016   302.230954 MAK S3H-N-188 03/22/2016 03/22/2016 Book
          Central Library (CL) Central Library (CL) General Stacks 03/22/2016   302.230954 MAK S3H-N-186 03/22/2016 03/22/2016 Book
          Central Library (CL) Central Library (CL) General Stacks 03/22/2016   302.230954 MAK S3H-N-187 03/22/2016 03/22/2016 Book
© 2023 Central Library, National University of Sciences and Technology. All Rights Reserved.